000 00616nam a2200193 i 4500
001 35707
003 ES-MaACL
005 20250813063301.0
007 t|
008 030213s1972 sp ||||1| cat d
100 1 _aBrecht, Bertolt,
_d1898-1956
_931544
245 1 0 _aCinc dificultats per a escriure la veritat i altres textos d'exili /
_cBertold Brecht ; [traducció de Feliu Formosa].
250 _a1ª ed.
260 _aBarcelona :
_bEdiciones 62,
_c[1972]
300 _a82 p. ;
_c18 cm.
700 1 _aFormosa, Feliu,
_d1934-
_951759
852 _aES-MaACL
_jC-52754
_bR.82926
999 _c35707
_d35707